Hittorff : un architecte du xixème : Musee Carnavalet, 20 octobre 1986 - 4 janvier 1987.

Bibliographic Details
Main Author: Hittorff, Jacques Ignace, 1792-1867
Corporate Authors: Musée Carnavalet, Museum Ludwig
Format: Book
Language:French
Published: [Paris] : [Musee Carnavalet ; a Cologne] : [Wallraf-Richard Museum], [1986?]
Subjects:

MARC

Tag First Indicator Second Indicator Subfields
LEADER 00000cam a2200000 a 4500
001 in00000008987
005 20151007051444.0
008 870408s1986 fr aec b 00110 fre d
020 |a 2901414230 
035 |a (OCoLC)15501818 
035 |9 AAA3058AM 
040 |a FLL  |c FLL  |d m/c  |d TXA  |d UtOrBLW 
043 |a e-fr--- 
049 |a TXAM  |c [A11012180] 
050 4 |a NA1053.H37  |b H47 1986 
100 1 |a Hittorff, Jacques Ignace,  |d 1792-1867. 
245 1 0 |a Hittorff :  |b un architecte du xixème : Musee Carnavalet, 20 octobre 1986 - 4 janvier 1987. 
264 1 |a [Paris] :  |b [Musee Carnavalet ; a Cologne] :  |b [Wallraf-Richard Museum],  |c [1986?] 
300 |a 355 pages :  |b illustrations (some color), plans, portraits ;  |c 24 cm. 
336 |a text  |b txt  |2 rdacontent 
337 |a unmediated  |b n  |2 rdamedia 
338 |a volume  |b nc  |2 rdacarrier 
504 |a Includes bibliographical references. 
500 |a "Rédacteurs du catalogue, Sylvain Bellenger [and others]." 
500 |a "L'exposition ... a été réalisée conjointment par le Wallraf- Richartz-Museum, Cologne et le Musée Carnavalet, Paris."--P. 5. 
600 1 0 |a Hittorff, Jacques Ignace,  |d 1792-1867  |v Exhibitions. 
650 0 |a Architects  |z France  |v Exhibitions. 
650 0 |a Architecture  |z France  |y 19th century  |v Exhibitions. 
710 2 |a Musée Carnavalet. 
710 2 |a Museum Ludwig. 
999 |a MARS 
999 f f |s 56d3b057-2abb-37e1-a9ad-c5c851d9a0e6  |i 956754f9-6ff0-3f69-af5d-880223fc1b64  |t 0 
952 f f |p ric  |a Texas A&M University  |b Rellis Campus  |c Joint Library Facility  |d Remote Storage  |t 0  |e NA1053.H37 H47 1986  |h Library of Congress classification  |i unmediated -- volume  |m A14811012180 
998 f f |a NA1053.H37 H47 1986  |t 0  |l Remote Storage